000 00695nam a2200253 a 4500
005 20210219153010.0
008 991125n 000 0 u
035 _aUPN01000072371
100 _aOakes, Jeannie
222 _aPHI DELTA KAPPAN
245 _aDetracking schools : early lessons from the field
300 _a448-454
362 _a73, No. 6, 1992
505 _aJunio 1992
653 0 _aAGRUPAMIENTO POR HABILIDADES
653 0 _aCONCEPTOS ERRONEOS
653 0 _aDESARROLLO CURRICULAR
653 0 _aESTRATEGIAS DE CAMBIO
653 0 _aNORMAS
653 0 _aTRAYECTORIA DEL SISTEMA (EDUCACION)
700 _aLipton, Martin
904 _aAC
_b010182
905 _aArticulo
999 _c65875
_d65875